| 000 | 00819nam0a22002771 4500 | ||
|---|---|---|---|
| 001 | rc\3394878 | ||
| 005 | 20130115154522.6 | ||
| 021 |
_aRU _b70-28229 |
||
| 021 |
_aRU _bРг7036-70 |
||
| 035 | _a(NLR Aleph) 007460068 | ||
| 090 |
_a7307665 _c7307665 |
||
| 100 | _a20130115d1970 |||y0rusy50 ca | ||
| 101 | 0 | _arus | |
| 102 | _aRU | ||
| 105 | _ay z ||||| | ||
| 200 | 1 |
_aНемецкий язык _e[Учеб. пособие] _fХарьк. высш. командно-инж. училище |
|
| 210 |
_aХарьков _cБ. и. _d1970 |
||
| 215 |
_a64 с. _d22 |
||
| 309 | _aОтпеч. множит. аппаратом | ||
| 700 | 1 |
_aАрчакова _bЛ. А. |
|
| 701 | 1 |
_aБаржина _bЛ. В. |
|
| 801 | 0 |
_aRU _bNLR _gpsbo |
|
| 801 | 1 |
_aRU _bELAR _2rusmarc |
|
| 852 |
_aNLR _j70-6/2885 |
||
| 942 | _cBOOK | ||
| 980 | _aNB | ||